000 00244 a2200085 4500
020 _a978-81-19792-98-6
100 _a Caleb Simmons, Malavika Murthy, Shivendra Urs, George Michell
245 _aMysuru Srirangapatna
260 _bJAICO PUBLISHING
_c2024
999 _c13208
_d13208